[Event "Locarno Swiss Lake op"]
[Site "Locarno"]
[Date "2024.04.21"]
[Round "4"]
[White "Pinelli, Gian"]
[Black "Strupat, Thomas"]
[Result "1-0"]
[WhiteElo "1716"]
[BlackElo "1627"]
[PlyCount "73"]
[EventDate "2024.04.19"]
[EventType "swiss"]
[EventRounds "5"]
[EventCountry "SUI"]
[SourceTitle "CB24_2024"]
[SourceDate "2024.06.12"]
[SourceVersion "1"]
[SourceVersionDate "2024.06.12"]
[SourceQuality "1"]

1. d4 Nf6 2. c4 e6 3. Nc3 Bb4 4. Qc2 0-0 5. a3 Be7 6. e4 d6 7. Be2 Nbd7 8. Be3 b6 9. f3 Bb7 10. d5 exd5 11. cxd5 Re8 12. Nb5 Nc5 13. b4 a6 14. bxc5 axb5 15. Bxb5 Rf8 16. c6 Ba6 17. Bxa6 Rxa6 18. Ne2 Qa8 19. a4 Re8 20. Nc3 Bf8 21. 0-0 g6 22. Qb3 Bg7 23. Ra3 Qd8 24. Nb5 Ra8 25. Bd2 h5 26. a5 Qb8 27. Rb1 h4 28. Nxc7 Qxc7 29. axb6 Rxa3 30. Qxa3 Qb8 31. Qa7 Qa8 32. Qxa8 Rxa8 33. b7 Rf8 34. b8Q Rxb8 35. Rxb8+ Kh7 36. c7 Nd7 37. c8Q 1-0

[Event "Locarno Swiss Lake op"]
[Site "Locarno"]
[Date "2024.04.20"]
[Round "3"]
[White "Stemmler, Amaryllis"]
[Black "Pinelli, Gian"]
[Result "0-1"]
[WhiteElo "1484"]
[BlackElo "1716"]
[PlyCount "120"]
[EventDate "2024.04.19"]
[EventType "swiss"]
[EventRounds "5"]
[EventCountry "SUI"]
[SourceTitle "CB24_2024"]
[SourceDate "2024.06.12"]
[SourceVersion "1"]
[SourceVersionDate "2024.06.12"]
[SourceQuality "1"]

1. e4 c6 2. Nf3 d5 3. exd5 cxd5 4. Bb5+ Nc6 5. Ne5 Qc7 6. d4 a6 7. Qf3 Nf6 8. Bxc6+ bxc6 9. Bf4 Qb6 10. 0-0 e6 11. Qc3 c5 12. Be3 Ne4 13. Qb3 Qxb3 14. axb3 cxd4 15. Bxd4 f6 16. Nd3 e5 17. Bb6 Rb8 18. Ba5 Nc5 19. Nxc5 Bxc5 20. Nc3 Bb7 21. b4 Bd4 22. Rad1 0-0 23. Na4 Bc6 24. b3 Bxa4 25. bxa4 Rfc8 26. Rd2 Bc3 27. Rxd5 Bxb4 28. Bxb4 Rxb4 29. Ra5 Rxc2 30. Rxa6 Ra2 31. a5 Rb5 32. Ra8+ Kf7 33. a6 Rba5 34. Ra7+ Kg6 35. Re7 Rxa6 36. g3 Ra1 37. h3 Rxf1+ 38. Kxf1 Ra3 39. Kg2 Ra4 40. g4 Kh6 41. Kg3 g5 42. f3 Kg6 43. h4 gxh4+ 44. Kxh4 h5 45. Kg3 hxg4 46. fxg4 Ra1 47. Kf2 Kg5 48. Re6 Ra4 49. Kf3 Rf4+ 50. Kg3 Rxg4+ 51. Kf3 Ra4 52. Ke3 Kf5 53. Rb6 Ra3+ 54. Ke2 e4 55. Ke1 Ra5 56. Ke2 Ke5 57. Ke3 f5 58. Rb3 f4+ 59. Kf2 Ra2+ 60. Ke1 e3 0-1

[Event "Locarno Swiss Lake op"]
[Site "Locarno"]
[Date "2024.04.19"]
[Round "1"]
[White "Mosca, Leonildo"]
[Black "Pinelli, Gian"]
[Result "1-0"]
[WhiteElo "1996"]
[BlackElo "1716"]
[PlyCount "37"]
[EventDate "2024.04.19"]
[EventType "swiss"]
[EventRounds "5"]
[EventCountry "SUI"]
[SourceTitle "CB24_2024"]
[SourceDate "2024.06.12"]
[SourceVersion "1"]
[SourceVersionDate "2024.06.12"]
[SourceQuality "1"]

1. e4 c6 2. d4 d5 3. Nd2 dxe4 4. Nxe4 Nf6 5. Nxf6+ exf6 6. c3 Bd6 7. Bd3 0-0 8. Qc2 Re8+ 9. Ne2 h6 10. 0-0 Nd7 11. Bf4 Rxe2 12. Qxe2 Bxf4 13. Qe4 Bd2 14. Qh7+ Kf8 15. Rad1 Bf4 16. Rfe1 Be5 17. dxe5 fxe5 18. Bf5 f6 19. Qh8+ 1-0

[Event "Biel op-B 56th"]
[Site "Biel"]
[Date "2023.07.18"]
[Round "2"]
[White "Pinelli, Gian"]
[Black "Zafeiridis, Athanasios"]
[Result "0-1"]
[WhiteElo "1614"]
[BlackElo "1878"]
[PlyCount "60"]
[EventDate "2023.07.17"]
[EventType "swiss"]
[EventRounds "9"]
[EventCountry "SUI"]
[SourceTitle "EXT 2024"]
[Source "ChessBase"]
[SourceDate "2023.10.10"]
[SourceVersion "1"]
[SourceVersionDate "2023.10.10"]
[SourceQuality "1"]

1. d4 d5 2. c4 e6 3. Nc3 Nf6 4. cxd5 exd5 5. Bg5 c6 6. e3 Bf5 7. Bd3 Bxd3 8. Qxd3 Nbd7 9. Nf3 Be7 10. 0-0 0-0 11. Rab1 Ne4 12. Nxe4 dxe4 13. Qb3 exf3 14. Bxe7 Qxe7 15. gxf3 Qg5+ 16. Kh1 Qd5 17. Qd1 f5 18. Rg1 Rf6 19. Rg3 Raf8 20. Qg1 R8f7 21. b3 Qe6 22. Re1 Re7 23. e4 Rg6 24. Rg5 Qf6 25. Rxg6 Qxg6 26. Qxg6 hxg6 27. e5 Nb6 28. Kg2 Rd7 29. Rd1 Nd5 30. Kg3 Nc3 0-1